Nunquam / (Registro nro. 58628)

Detalles MARC
000 -LEADER
campo de control de longitud fija 00590nam a2200205 i 4500
001 - NÚMERO DE CONTROL
campo de control 58628
003 - IDENTIFICADOR DE NÚMERO DE CONTROL
campo de control ES-MaACL
005 - FECHA Y HORA DE LA ÚLTIMA TRANSACCIÓN
campo de control 20260424183902.0
007 - CAMPO FIJO DE DESCRIPCIÓN FÍSICA--INFORMACIÓN GENERAL
campo de control de longitud fija t|
008 - DATOS DE LONGITUD FIJA--INFORMACIÓN GENERAL
campo de control de longitud fija 031023s1971 ag ||||1| spa d
100 1# - ENTRADA PRINCIPAL--NOMBRE DE PERSONA
Nombre de persona Durrell, Lawrence,
Fechas asociadas al nombre 1912-1990
9 (RLIN) 46321
245 10 - MENCIÓN DEL TÍTULO
Título Nunquam /
Mención de responsabilidad, etc. Lawrence Durrell ; traducción de Matilde Horne.
260 ## - PUBLICACIÓN, DISTRIBUCIÓN, ETC.
Lugar de publicación, distribución, etc. Buenos Aires :
Nombre del editor, distribuidor, etc. Editorial Sudamericana,
Fecha de publicación, distribución, etc. [1971]
300 ## - DESCRIPCIÓN FÍSICA
Extensión 367 p. ;
Dimensiones 18 cm.
490 1# - MENCIÓN DE SERIE
Mención de serie Horizonte
700 1# - ENTRADA AGREGADA--NOMBRE PERSONAL
Nombre de persona Horne, Matilde.
9 (RLIN) 64218
830 0# - PUNTO DE ACCESO ADICIONAL DE SERIE-TÍTULO UNIFORME
Título uniforme Horizonte
9 (RLIN) 180916
852 ## - LOCALIZACIÓN
Ubicación ES-MaACL
Número de control de estantería L-7071
Sublocalización o colección R.107546
Existencias
Estatus retirado Estado de pérdida Estado de daño No para préstamo Biblioteca de origen Biblioteca actual Ubicación en estantería Fecha de adquisición Fuente de adquisición Total de préstamos Signatura topográfica completa Código de barras Visto por última vez Precio de reemplazo Tipo de ítem Koha
        Biblioteca del Ateneo de Madrid Biblioteca del Ateneo de Madrid Depósito 2 17/01/2008     L-7071 1061509 23/02/2023 23/02/2023 Libro impreso